Normal view
MARC view
Entry Geographic Name
001 - CONTROL NUMBER
- control field: 127086
003 - CONTROL NUMBER IDENTIFIER
- control field: NUST
005 - DATE AND TIME OF LATEST TRANSACTION
- control field: 20241212095333.0
008 - FIXED-LENGTH DATA ELEMENTS
- fixed length control field: 241212|| aca||aabn | a|a d
040 ## - CATALOGING SOURCE
- Original cataloging agency: NUST
- Transcribing agency: NUST
151 ## - HEADING--GEOGRAPHIC NAME
- General subdivision: MS-Construction Engineering and Management
670 ## - SOURCE DATA FOUND
- Source citation: Work cat.: (NUST)232189: Omair 50758, Seismic damage assessment & retrofit of hybrid structures/, 2014
